Historias íntimas de una mujer maltratada / (Record no. 193293)

MARC details
000 -LEADER
campo de control de longitud fija 01371nam a2200385 i 4500
001 - NÚMERO DE CONTROL
campo de control 193293
003 - IDENTIFICADOR DE NÚMERO DE CONTROL
campo de control SpMaBN
005 - FECHA Y HORA DE LA ÚLTIMA TRANSACCIÓN
campo de control 20250728110333.0
007 - CAMPO FIJO DE DESCRIPCIÓN FÍSICA--INFORMACIÓN GENERAL
campo de control de longitud fija ta
008 - DATOS DE LONGITUD FIJA--INFORMACIÓN GENERAL
campo de control de longitud fija 191223s2019 sp | |||| 000 dspa
017 ## - NÚMERO DE COPYRIGHT O DE DEPÓSITO LEGAL
Número de copyright o de depósito legal M 18959-2019
Agencia que asigna Oficina Depósito Legal Madrid
020 ## - NÚMERO INTERNACIONAL ESTÁNDAR DEL LIBRO
Número Internacional Estándar del Libro 9788417867089
035 ## - NÚMERO DE CONTROL DEL SISTEMA
Número de control de sistema (OCoLC)1135235687
035 ## - NÚMERO DE CONTROL DEL SISTEMA
Número de control de sistema a6633844
040 ## - FUENTE DE CATALOGACIÓN
Centro catalogador/agencia de origen SpMaBN
Lengua de catalogación spa
Centro/agencia transcriptor SpMaBN
Normas de descripción rda
080 ## - NÚMERO DE LA CLASIFICACIÓN DECIMAL UNIVERSAL
Número de la Clasificación Decimal Universal 305-055.2:2
080 ## - NÚMERO DE LA CLASIFICACIÓN DECIMAL UNIVERSAL
Número de la Clasificación Decimal Universal 305-055.2-058.68
100 1# - ENTRADA PRINCIPAL--NOMBRE DE PERSONA
Nombre de persona Aradillas, Antonio,
Fechas asociadas al nombre 1928-
Término indicativo de función/relación Autor
Relación aut
9 (RLIN) 22156
245 10 - MENCIÓN DEL TÍTULO
Título Historias íntimas de una mujer maltratada /
Mención de responsabilidad, etc. Antonio Aradillas
250 ## - MENCION DE EDICION
Mención de edición Primera edición: mayo, 2019
264 #1 - PRODUCCIÓN, PUBLICACIÓN, DISTRIBUCIÓN, FABRICACIÓN Y COPYRIGHT
Producción, publicación, distribución, fabricación y copyright Madrid :
Fecha de producción, publicación, distribución, fabricación o copyright ACCI, Asociación Cultural y Científica Iberamericana,
-- 2019
300 ## - DESCRIPCIÓN FÍSICA
Extensión 295 páginas ;
Dimensiones 21 cm
336 ## - TIPO DE CONTENIDO
Término de tipo de contenido Texto
Fuente rdacontent
337 ## - TIPO DE MEDIO
Nombre/término del tipo de medio sin mediación
Fuente rdamedia
338 ## - TIPO DE SOPORTE
Nombre/término del tipo de soporte volumen
Fuente rdacarrier
500 ## - NOTA GENERAL
Nota general Índice
650 #7 - PUNTO DE ACCESO ADICIONAL DE MATERIA--TÉRMINO DE MATERIA
Término de materia o nombre geográfico como elemento de entrada Mujeres maltratadas
Fuente del encabezamiento o término embne
9 (RLIN) 234423
650 #7 - PUNTO DE ACCESO ADICIONAL DE MATERIA--TÉRMINO DE MATERIA
Término de materia o nombre geográfico como elemento de entrada Mujeres y religión
Fuente del encabezamiento o término embne
9 (RLIN) 15350
852 ## - LOCALIZACIÓN
Ubicación ES-MaACL
Sublocalización o colección R. 154793
Ubicación en estantería Depósito J
Donativo/Legado Donación: Editorial
itemnumber 200732
Número de control de estantería N-9471
Encuadernación Encuadernación rústica con solapas
942 ## - ELEMENTOS DE ENTRADA SECUNDARIOS (KOHA)
Suprimir en OPAC No
Tipo de ítem Koha Libro impreso
Holdings
Estatus retirado Estado de pérdida Fuente del sistema de clasificación o colocación Estado de daño No para préstamo Biblioteca de origen Biblioteca actual Ubicación en estantería Fecha de adquisición Fuente de adquisición Total de préstamos Signatura topográfica completa Código de barras Visto por última vez Tipo de ítem Koha
    Clasificación decimal universal     Biblioteca del Ateneo de Madrid Biblioteca del Ateneo de Madrid Depósito J 30/10/2023 Donación   N-9471 101206021 30/10/2023 Libro impreso